| 000 | 00718cab a2200241 4500 | ||
|---|---|---|---|
| 001 | WB2914-28 | ||
| 008 | 090401t1993 xxu||||| |||| 00| 0 eng d | ||
| 035 | _a(Sirsi) u91196 | ||
| 041 | _aeng | ||
| 245 | _aRetail in Germany | ||
| 260 | _c1993 | ||
| 350 | _a0 | ||
| 490 |
_aEuropean _v8 April 1993, 42 (2) |
||
| 520 | _aAlthough there are wealthy consumers in Germany, strict planning laws can hamper expansion and also the recession is about to hit German retailing. | ||
| 650 | _aDEVELOPMENT SITES | ||
| 650 | _aGERMANY | ||
| 650 | _aPLANNING | ||
| 650 | _aRETAIL PROPERTY | ||
| 690 | _aPROPERTY-COMMERCIAL PROPERTY-RETAIL PROPERTY | ||
| 690 | _aOVERSEAS-EUROPE | ||
| 942 | _n0 | ||
| 948 | _c04/03/1997 | ||
| 999 |
_c57872 _d57872 |
||